000 01152nam a2200217 i 4500
001 126487
003 ES-MaACL
005 20230906192828.0
007 t|
008 070214m19601971sp r ||||1| spa d
080 _a347.78(100)"19"(094)
245 0 0 _aRepertorio universal de legislación y convenios sobre derecho de autor /
_ccompilado por la Organización de las Naciones Unidas para la Educación, la Ciencia y la Cultura, en colaboración con la Unión Panamericana, el Ministerio de Educación Nacional de España y la Secretaría de Educación Pública de México.
260 _aParís :
_bOrganización de las Naciones Unidas para la Educación, la Ciencia y la Cultura ;
_aMadrid :
_bAguilar,
_c1960-1971.
300 _a5 v. ;
_c19 cm.
505 8 _aContiene: 1. Legislaciones nacionales: Afganistán, Italia - 2. Legislaciones nacionales: Japón, Yugoslavia. Convenciones multilaterales - 3. Suplemento de 1961 - 4. Suplemento de 1967 - 5. Suplemento de 1969
594 _aTít. de cub.: RUDA.
650 4 _aPropiedad intelectual-
_vLegislación.
_916491
710 2 _aUnesco.
_96999
740 0 2 _aRUDA.
852 4 _aES-MaACL
_jP-718
999 _c126487
_d126487